000 00660nam a2200217Ia 4500
003 GCL
008 140319s9999 xx 000 0 ara d
040 _aGCL /
_cGCL
082 0 4 _a322.4
_bف ق
100 1 _aفرج فودة
245 1 0 _aقبل السقوط /
_cفرج فودة
260 _a[S.N] :
_bالهيئة المصرية العامة للكتاب ،
_c1992
300 _a155 ص
490 _a
650 0 4 _aالاسلام
650 0 4 _aالاسلام والمجتمع
650 0 4 _aالاسلام والاصلاح الدينى
650 0 4 _aرفع المطاعن
650 0 4 _aحركات الاصلاح والتجديد
942 _2ddc
_cBK
999 _c36027
_d36027